Score 0/13 Timer 04:00
0 Plays Today
% Correct
The Waldo Moment
93.4%
San Junipero
92.6%
The National Anthem
90.9%
Shut Up and Dance
87.4%
White Bear
84.7%
White Christmas
84.7%
Nosedive
71.1%
Hated in the Nation
63.8%
Be Right Back
63.4%
Playtest
59.3%
Man Against Fire
58.5%
The Entire History of You
40.7%
Fifteen Million Merits
39.5%
Remove Ads.
Support Sporcle.
Get the best of Sporcle when you Go Orange. This ad-free experience offers more features, more stats, and more fun while also helping to support Sporcle. Thank you for becoming a member.

You're not logged in!

Compare scores with friends on all Sporcle quizzes.
OR
Log In

Show Comments

Extras

Top Quizzes Today


Score Distribution

Your Account Isn't Verified!

In order to create a playlist on Sporcle, you need to verify the email address you used during registration. Go to your Sporcle Settings to finish the process.

Report this User

Report this user for behavior that violates our Community Guidelines.

Details: